UK Now That's What I Call Music! 72 Tracklist Quiz Stats

Quiz not verified by Sporcle

Challenge
Share
Tweet
Embed
Score 0/43 Timer 06:00
0 Plays Today
Track No. Title % Correct
1-1The Fear
100%
2-8I'm Yours
100%
1-2Just Dance
90%
1-3Right Round
90%
1-4The Boy Does Nothing
90%
1-5Just Can't Get Enough
90%
1-6My Life Would Suck Without You
90%
1-9Womanizer
90%
2-3Broken Strings
90%
2-4Love Story
90%
2-6Human
90%
2-7Breakeven
90%
2-9Don't Upset the Rhythm (Go Baby Go)
90%
2-10Shake It
90%
2-12Kids
90%
2-17Dead and Gone
90%
1-8Day 'n' Nite
80%
1-10Live Your Life
80%
1-14Issues
80%
1-18Show Me Love
80%
1-21Hallelujah
80%
1-22Hero
80%
Track No. Title % Correct
2-2Breathe Slow
80%
2-11Get On Your Boots
80%
2-16Heartless
80%
2-18Change
80%
2-19Love etc.
80%
2-21Islands in the Stream
80%
1-7Take Me Back
70%
1-12T-Shirt
70%
1-15Forgive Me
70%
1-16The Loving Kind
70%
1-17Can't Get Over
70%
1-20Thinking of You
70%
2-1Greatest Day
70%
2-5Sober
70%
2-13Omen
70%
2-14Let It Rock
70%
2-20Rain on Your Parade
70%
1-11Right Now (Na Na Na)
60%
1-13Mad
60%
1-19Strong Again
60%
2-15Cash in My Pocket
60%

You're not logged in!

Compare scores with friends on all Sporcle quizzes.
Join for Free
OR
Log In

You Might Also Like...

Show Comments

Extras

Top Quizzes Today


Score Distribution

Your Account Isn't Verified!

In order to create a playlist on Sporcle, you need to verify the email address you used during registration. Go to your Sporcle Settings to finish the process.

Report this User

Report this user for behavior that violates our Community Guidelines.

Details: